000 00486nam a22001817a 4500
999 _c16379
_d16379
003 AR-CdUCM
008 190503b ||||| |||| 00| 0 spa d
040 _aMUNICIPALIDAD PROVINCIAL DEL CUSCO
_cBIBLIOTECA MUNICIPAL DEL CUSCO
082 _a848.44 /
_bC813
100 _aCorneille, Pedro
_935793
245 _aEl embustero /
260 _bContinental,
300 _a157 páginas ;
_c18 cm.
505 _aComedia.
650 _aComedia.
_92607
942 _2ddc
_cLIBROS
945 _awfj